000 00381cam a2200157ua 4500
005 20251127121400.0
008 251127b |||||||| |||| 00| 0 eng d
041 _aeng
082 _a630.21
_bNOR/AD
100 _aNorman, A G .
_91723
245 _aAdvance in agronomy /
250 _a1 /
260 _aNew Delhi :
_bAcademic press ,
_c1957.
300 _a308 ; .
942 _cBK
999 _c3226
_d3226